[Event "Panchenko Memorial-A 2021"]
[Site "Chelyabinsk"]
[Date "2021.09.13"]
[Round "1.1"]
[White "Vetokhin, Savva"]
[Black "Sargsyan, Shant"]
[Result "0-1"]
[WhiteElo "2323"]
[BlackElo "2642"]
[Annotator "TA"]
[PlyCount "120"]
[EventDate "2021.09.13"]
[EventType "swiss"]
[EventCountry "RUS"]
[SourceTitle "playchess.com"]
[Source "ChessBase"]
[SourceQuality "1"]

{[%evp 16,120,12,0,32,0,10,8,0,6,11,5,12,0,17,16,19,12,0,0,6,0,25,10,12,0,-2,-9,-11,-19,-14,-21,-21,-16,-14,-42,0,-27,-44,-31,-21,-18,-14,-60,-58,-65,-65,-65,-70,-63,-69,-78,-78,-81,-82,-68,-72,-72,-67,-78,-83,-71,-49,-98,-98,-114,-117,-157,-158,-156,-150,-154,-78,-78,-78,-80,-80,-79,-79,-88,-88,-82,-81,-100,-121,-357,-357,-1275,-724,-1675,-1513,-1168,-1163,-778,-738,-597,-589,-589,-477,-29949,-11802,-5755,-5787,-29979,-29979,-29985,-29986]} 1. e4 e5 2. Nf3 Nc6 3. Bb5 a6 4. Ba4 Nf6 5. O-O Be7 6. d3 b5 7. Bb3 d6 8. a3 O-O 9. Nc3 h6 {C77: Ruy Lopez: 3...a6 4 Ba4 Nf6, unusual lines.} 10. Nd5 Na5 11. Nxf6+ Bxf6 {The position is equal.} 12. Ba2 {[#]} Qe8 $146 ({Predecessor:} 12... Re8 13. Bd2 Nc6 14. h3 Be6 15. Bxe6 Rxe6 16. a4 Rb8 17. c3 d5 18. axb5 axb5 {½-½ (27) Piorun,K (2640)-Vitiugov,N (2728) Heraklion 2017}) 13. b4 Nc6 14. Bd5 Rb8 15. Be3 Bd7 16. c3 a5 17. Qd2 Bg4 18. Ne1 Ne7 19. Bb3 a4 20. Ba2 Ng6 21. c4 c6 22. cxb5 cxb5 23. h3 Be6 24. Nf3 Qd7 25. Rac1 Rfe8 26. Rfd1 d5 27. exd5 Bxd5 28. Bxd5 Qxd5 29. Qc2 Red8 30. Qb1 Rd7 31. Rc5 Qb3 32. Qxb3 axb3 {[%cal Ba4b3,Bb3b2][%mdl 32]} 33. Rb1 b2 34. Ne1 e4 $1 {[%cal Re4d3]} 35. d4 Bxd4 36. Bxd4 Rxd4 37. Rc2 f5 38. Rcxb2 f4 39. Rc2 Ne5 40. Rbc1 {[#]} Rbd8 $1 41. Kh2 Rd1 42. Rxd1 Rxd1 $17 {[%mdl 4096] Endgame KRN-KRN} 43. Re2 Rd4 ({Black should play} 43... Nd3 44. Nxd3 exd3) 44. Nf3 Nxf3+ 45. gxf3 exf3 {KR-KR} 46. Re5 {[#]} Rd2 $1 47. Rxb5 Rxf2+ 48. Kg1 Ra2 49. Ra5 g5 50. a4 $2 {White does not recover from this.} (50. Ra7 $17 {was the only defense.}) 50... Kf7 $19 51. b5 $2 (51. Ra6 h5 52. Ra7+ Ke6 53. Ra6+ Kf7 54. Ra7+ Kf6 55. Ra6+ Kf7) 51... Rb2 52. Ra7+ Kg6 53. Rc7 h5 54. Rc6+ Kf5 55. Rc5+ Kf6 56. Rc6+ Ke7 57. Rc7+ (57. Rc4 $19 Kd6 58. a5 Rxb5 59. Ra4) 57... Kd6 (57... Ke6 $142 58. Rc1 g4 59. Rf1 Rg2+ 60. Kh1 Kd5 61. b6 Rb2 62. Kg1 Rxb6 63. Rd1+ Ke4 64. a5 Rb2 65. a6 Ra2 66. Re1+ Kf5 67. Rf1 Rg2+ 68. Kh1 Ke4 69. a7 Ra2 70. Kg1 Rxa7 71. Re1+ Kf5 72. Rf1 Ra2 73. Kh1 Ra3 74. Kg1 g3 75. Rb1 Kg5 76. Kh1 Kh4 77. Kg1 Kxh3 78. Rf1 Rd3 79. Rc1 f2+ 80. Kf1 Rd2 81. Rc3 Rd1+ 82. Ke2 f1=Q#) 58. Rf7 Ke5 59. Re7+ Kf6 60. Re4 Kf5 {Weighted Error Value: White=0.54/Black=0.21} 0-1

[Event "Panchenko Memorial-A 2021"]
[Site "Chelyabinsk"]
[Date "2021.09.13"]
[Round "1.2"]
[White "Petrosyan, Manuel"]
[Black "Usov, Aleksandr E."]
[Result "1-0"]
[WhiteElo "2611"]
[BlackElo "2318"]
[Annotator "TA"]
[PlyCount "127"]
[EventDate "2021.09.13"]
[EventType "swiss"]
[EventCountry "RUS"]
[SourceTitle "playchess.com"]
[Source "ChessBase"]
[SourceQuality "1"]

{[%evp 9,127,35,35,18,30,9,12,7,17,6,21,15,16,14,13,27,31,1,10,0,0,-15,-8,-11,0,-9,0,0,6,-1,31,31,31,11,39,31,39,31,31,31,33,31,38,38,41,31,31,31,31,31,31,31,31,31,39,39,50,31,40,31,31,31,45,31,40,31,44,41,68,32,62,54,55,58,72,-13,0,-180,-54,-54,0,0,0,0,0,0,0,0,0,0,0,0,0,0,16,0,0,0,47,55,91,77,92,91,84,83,87,87,167,148,141,128,423,418,579,564,2035,1914,1272,914]} 1. c4 c6 2. Nf3 d5 3. e3 Nf6 4. Nc3 a6 5. d4 Bf5 6. Be2 {D15: Slav Defence: 4 Nc3 a6 and gambit lines after 4 Nc3 dxc4.} (6. c5 {feels hotter.} h6 7. b4 Nbd7 8. a4 e6 9. Be2) 6... h6 {The main line 6...h6 scores better than 6...e6.} 7. Bd3 (7. O-O {with more complications.} e6 8. c5 b6 9. b4 Nbd7 10. a4) 7... Bxd3 8. Qxd3 {The position is equal.} e6 9. O-O Be7 10. e4 dxe4 11. Nxe4 Nxe4 12. Qxe4 O-O {[#]} 13. a4 $146 ({Predecessor:} 13. Bf4 Nd7 14. Rad1 Nf6 15. Qe2 Bd6 16. Be5 Qe7 17. Rd3 Nd7 18. Rfd1 Rad8 19. b3 {½-½ (19) Menezes,C (2346)-Pezerovic,E (2414) Boeblingen 2015}) 13... Nd7 14. a5 Bb4 15. Bd2 Bxd2 16. Nxd2 Qc7 17. Nf3 Rad8 18. b4 Rfe8 19. Rfe1 Nf6 20. Qe3 Qd6 21. Qc3 Nd7 22. g3 Re7 23. Re2 Nf8 24. Rae1 Ng6 25. h4 Rc7 26. Re4 Nf8 {[%cal Bg6f8,Bf8d7,Bd7f6][%mdl 32]} 27. h5 Nd7 28. Kg2 Nf6 29. Rh4 Rb8 30. Ne5 Qd8 31. Qf3 Qf8 32. Nd3 Kh8 33. Rf4 Qe7 34. Nc5 Kg8 35. Rh4 Rcc8 36. Rd1 Re8 37. Rhh1 Qc7 38. Rhe1 Rbd8 39. Re3 b6 40. axb6 ({Much worse is} 40. Nxa6 Qa7 $11) 40... Qxb6 41. Rb3 e5 42. Ra1 (42. dxe5 $16 Rxe5 43. Ra1) 42... Rxd4 43. Ra4 $2 (43. Rxa6 $11 Qd8 44. Rxc6 (44. Qxc6 Rxc4 45. Rd3 Rd4 $11)) 43... Qc7 ({Don't play} 43... Rxc4 44. Rxa6 Qd8 45. Qxc6 $17) (43... e4 $19 44. Qe3 Qd8) 44. Rxa6 $15 Qd8 ({Better is} 44... e4 $1 $15 45. Qe2 Red8) 45. Qxc6 {Nb7 is the strong threat.} Rxc4 46. Rd3 $36 {[%mdl 2048] White has the initiative.} Qxd3 47. Nxd3 Rxc6 48. Rxc6 $11 {[%mdl 4096] Endgame KRN-KRN} e4 49. Nf4 Rb8 50. Rc4 Rb5 51. Kf1 Nxh5 (51... Kf8 {keeps more tension.} 52. Ke2 Ke7 53. Ke3 Kd7 54. Rd4+ Kc6) 52. Nxh5 Rxh5 53. Rxe4 {KR-KR} Rh1+ 54. Ke2 Rb1 55. Kd3 f5 {[#]} 56. Kc2 $1 Ra1 57. Rf4 g6 58. b5 {aiming for Rb4.} Ra8 (58... Kf7 $16 {was necessary.}) 59. Kc3 Kf7 {[#]} 60. Rc4 $1 Rb8 $2 {[%mdl 8192] [#] This costs Black the game.} (60... g5 $16) 61. Kb4 $1 $18 Kf6 62. f4 {White is clearly winning.} h5 63. Rc6+ Kg7 64. b6 {Weighted Error Value: White=0.13/Black=0.21} 1-0

[Event "Panchenko Memorial-A 2021"]
[Site "Chelyabinsk"]
[Date "2021.09.13"]
[Round "1.3"]
[White "Kavyev, Ruslan"]
[Black "Tiviakov, Sergei"]
[Result "0-1"]
[WhiteElo "2306"]
[BlackElo "2604"]
[Annotator "TA"]
[PlyCount "78"]
[EventDate "2021.09.13"]
[EventType "swiss"]
[EventCountry "RUS"]
[SourceTitle "playchess.com"]
[Source "ChessBase"]
[SourceQuality "1"]

{[%evp 11,78,49,51,49,76,63,70,65,71,45,45,38,49,33,37,40,44,20,30,18,27,24,45,38,33,16,17,7,22,8,6,9,29,19,27,25,43,7,8,10,6,4,11,-21,-43,-87,-82,-190,-166,-233,-224,-335,-324,-322,-327,-331,-319,-385,-383,-517,-510,-597,-595,-926,-915,-1131,-1107,-12841,-114]} 1. e4 d5 2. exd5 Qxd5 3. Nc3 Qd6 4. d4 Nf6 5. Nf3 a6 6. g3 Bg4 7. h3 {B01: Scandinavian Defence.} Bxf3 8. Qxf3 c6 9. Be3 {White is slightly better.} e6 10. Bg2 Nbd7 11. O-O Be7 12. a3 O-O 13. Rad1 {[#] aiming for Bf4.} Qc7 {[#]} 14. Nb1 $146 ({Predecessor:} 14. Rfe1 Rac8 15. Bc1 b5 16. Ne4 Nxe4 17. Qxe4 Nf6 18. Qe2 Nd5 19. c4 bxc4 20. Qxc4 {0-1 (48) Singh,O (1933)-Ostojic,N (2395) Arandjelovac 2021}) 14... e5 15. c4 exd4 16. Bxd4 a5 17. Rfe1 Rfe8 18. Nc3 Bc5 19. Bxc5 Nxc5 20. b4 Rxe1+ 21. Rxe1 Ne6 22. b5 Rc8 23. Rd1 h6 24. h4 Qe7 25. bxc6 bxc6 26. Ne2 Qc5 27. Rc1 Rd8 28. Qxc6 Qxa3 29. Qf3 {[#]} (29. Re1 $17 {was necessary.}) 29... Qb2 $1 $19 {And now ...Nd4 would win.} 30. Re1 (30. Kf1 $142) 30... a4 {[%cal Ba5a4,Ba4a3,Ba3b2][%mdl 32]} 31. Qc3 (31. Bh3 $142) 31... a3 32. Qxb2 axb2 33. Rb1 Rd2 34. Kf1 {intending Ke1.} Nc5 35. Ke1 Nfe4 {Black is clearly winning.} 36. Bxe4 Nxe4 37. Ng1 Rc2 {...Rc1+ is the strong threat.} 38. Kd1 Rxf2 39. c5 Nc3+ {[%mdl 64] Double Attack.  Weighted Error Value: White=0.66/Black=0.03} 0-1

[Event "Panchenko Memorial-A 2021"]
[Site "Chelyabinsk"]
[Date "2021.09.13"]
[Round "1.4"]
[White "Azarov, Sergei"]
[Black "Dolsonov, Ayusha"]
[Result "1-0"]
[WhiteElo "2603"]
[BlackElo "2302"]
[Annotator "TA"]
[PlyCount "71"]
[EventDate "2021.09.13"]
[EventType "swiss"]
[EventCountry "RUS"]
[SourceTitle "playchess.com"]
[Source "ChessBase"]
[SourceQuality "1"]

{[%evp 16,71,9,16,13,16,10,8,0,1,9,18,58,2,-1,-8,45,46,72,58,58,35,96,118,112,99,93,98,159,163,166,160,153,106,141,96,84,77,404,354,406,362,350,361,440,442,431,418,706,745,717,690,648,353,907,895,826,741]} 1. e4 c5 2. Nf3 d6 3. d4 cxd4 4. Nxd4 Nf6 5. Nc3 a6 6. Bg5 e6 7. f4 h6 8. Bh4 Qb6 9. a3 Be7 {B96: Sicilian Najdorf: 6 Bg5 e6 7 f4, lines other than 7...Qb6 and 7...Be7.} ({Don't blunder} 9... Qxb2 $2 10. Na4 $18) 10. Bf2 Qc7 11. Qf3 Nbd7 {The position is equal.} 12. O-O-O b5 13. g4 Bb7 14. Bd3 {14.h4 gains popularity.} (14. Bg2 $14) 14... g5 $11 15. f5 {[#]} (15. h4 $5 {[%cal Rh4g5]} gxf4 16. g5 $15) 15... e5 $146 (15... Ne5 $11 16. Qe2 Nxd3+ 17. cxd3 e5) ({Predecessor:} 15... Ne5 16. Qe2 Nxd3+ 17. cxd3 e5 18. Nc2 h5 19. gxh5 Nxh5 20. Kb1 Nf4 21. Qf3 Qd7 {½-½ (45) Azarov,S (2626)-Wojtaszek,R (2700) Loo 2013}) 16. Nb3 $14 Nc5 17. Nxc5 dxc5 18. Nd5 Nxd5 (18... Bxd5 $14 19. exd5 Bd6) 19. exd5 $16 c4 20. Be4 {d6! is the strong threat.} Bd6 21. h4 $36 {[%mdl 2048] White is really pushing.} O-O-O ({Black should play} 21... Rf8) 22. f6 Kb8 23. hxg5 $1 hxg5 24. Qe3 {White threatens Qa7+ and mate.} Bc8 25. Rxh8 $1 ({Don't take} 25. Qxg5 $6 Rhg8 $14) 25... Rxh8 26. Qxg5 c3 $2 {[%mdl 8192] [#] Black cannot hold the game after this.} (26... a5 $16 {is a better chance.}) 27. Rd3 $1 $18 {[%cal Rd3c3]} cxb2+ 28. Kxb2 Rh2 29. Qe3 {And now Rc3 would win.} Bxg4 {[#]} 30. Qg3 $1 {[%csl LRg4,LRh2][%cal Rg3h2][%mdl 64] Double Attack} Rxf2 31. Qxf2 Bc5 (31... Bd7 $142 32. Qg1 Qd8) 32. Qg2 Bc8 33. Qg8 Ka7 34. Kb1 {Strongly threatening d6!} Bb7 $2 (34... Bd6 35. Rg3 Kb6) 35. Rc3 {Hoping for d6!} Kb6 36. Qe8 {Weighted Error Value: White=0.18/Black=0.47} 1-0

[Event "Panchenko Memorial-A 2021"]
[Site "Chelyabinsk"]
[Date "2021.09.13"]
[Round "1.5"]
[White "Pingin, Artem"]
[Black "Kokarev, Dmitry"]
[Result "1/2-1/2"]
[WhiteElo "2302"]
[BlackElo "2584"]
[Annotator "TA"]
[PlyCount "127"]
[EventDate "2021.09.13"]
[EventType "swiss"]
[EventCountry "RUS"]
[SourceTitle "playchess.com"]
[Source "ChessBase"]
[SourceQuality "1"]

{[%evp 19,127,37,37,17,22,28,27,22,11,10,20,0,12,14,20,3,9,0,2,-35,-35,-58,-54,-58,-58,-50,-49,-58,-33,-40,-20,-21,-16,-24,0,-25,-26,-33,-26,-26,-26,-38,-32,-38,-38,-39,-39,-39,-38,-39,-38,-39,-38,-38,-38,-39,-38,-38,-38,-38,-38,-38,-38,-38,-38,-38,0,0,0,0,0,0,0,-6,-7,-7,-5,-8,-8,-7,-6,-6,-6,-8,0,0,0,0,0,0,0,0,0,0,0,0,0,0,0,0,0,0,0,0,0,0,0,0,0,0]} 1. e4 c5 2. Nf3 d6 3. Bb5+ Bd7 4. Bxd7+ Qxd7 5. c4 Nc6 6. Nc3 Nf6 7. d4 cxd4 8. Nxd4 Qg4 9. Qxg4 $1 {9.Qxg4 scores better than 9.0-0.} Nxg4 10. Nxc6 bxc6 11. b3 {B52: Sicilian: Moscow Variation with 3...Bd7.} g6 12. Bb2 Bg7 13. h3 {White has an edge.} Ne5 14. O-O-O Nd7 15. Na4 {[#]} Rg8 $146 ({Predecessor:} 15... Bxb2+ 16. Kxb2 {½-½ (16) Gagare,S (2476)-Tomczak,J (2623) Warsaw 2019}) 16. Bxg7 Rxg7 17. Rhe1 g5 18. Kb1 c5 19. Rd5 f6 20. g3 Kf7 21. Nc3 Rb8 22. Kc1 Ne5 23. Rdd1 Nc6 24. Rh1 Rgg8 25. Kd2 a5 26. Ke3 Ra8 27. Rhg1 Rg6 28. Rh1 Ne5 29. Na4 Rb8 30. Rc1 Nc6 31. Rcd1 Nd4 32. Rc1 f5 33. exf5 Nxf5+ 34. Kf3 Rf8 35. Kg2 Nd4 36. Nc3 Ke8 37. Rhe1 Kd7 38. Rcd1 Rgf6 39. Ne4 Rf5 40. Re3 h6 41. Rd2 R5f7 42. Nc3 Rf3 (42... Kc6 {looks sharper.} 43. Nd5 e6 44. Nc3 Rf6 45. Red3 h5) 43. Rxf3 {The position is equal.} Nxf3 $11 {[%mdl 4096] Endgame KRN-KRN} ({But not} 43... Rxf3 $6 44. Nb5 $16) 44. Re2 Nd4 45. Re4 Nc6 46. Na4 Nb4 47. Re2 Rf7 48. Nc3 Nd3 49. Ne4 Kc6 50. Re3 Ne5 51. Nc3 h5 52. f3 h4 53. Ne4 Rg7 54. Nxg5 {[%mdl 64] [#] Remove Defender} Rxg5 55. f4 {[%mdl 64] Double Attack} Nxc4 56. bxc4 Rxg3+ 57. Rxg3 hxg3 58. Kxg3 d5 59. cxd5+ Kxd5 {[#] Threatens to win with ...Ke4. K3P-K3P} 60. Kf3 Ke6 61. Ke4 Kf6 62. h4 Kg6 63. Kd5 Kh5 64. Kxc5 {Weighted Error Value: White=0.04/Black=0.03} 1/2-1/2

[Event "Panchenko Memorial-A 2021"]
[Site "Chelyabinsk"]
[Date "2021.09.13"]
[Round "1.6"]
[White "Timofeev, Artyom"]
[Black "Skatchkov, Valery"]
[Result "1-0"]
[WhiteElo "2583"]
[BlackElo "2298"]
[Annotator "TA"]
[PlyCount "49"]
[EventDate "2021.09.13"]
[EventType "swiss"]
[EventCountry "RUS"]
[SourceTitle "playchess.com"]
[Source "ChessBase"]
[SourceQuality "1"]

{[%evp 12,49,20,16,19,11,19,-6,14,0,0,6,18,7,72,43,49,31,39,41,28,43,34,37,45,75,53,49,115,115,278,271,525,521,970,963,1106,1095,1060,1043]} 1. e4 e5 2. Nf3 Nf6 3. Nxe5 d6 4. Nf3 Nxe4 5. Qe2 Qe7 6. d3 Nf6 7. Nc3 Be6 {C42: Petroff Defence: 3 Nxe5 and unusual White 3rd moves.} 8. g3 $5 {[%mdl 4] A promising side line.} Nc6 9. Bg2 {[#]} O-O-O $146 {The position is equal.} ({Predecessor:} 9... g6 10. O-O Bg7 11. Ng5 Nd4 12. Qe1 Nxc2 13. Qe2 Nxa1 14. Bxb7 Rb8 15. Bg2 O-O {½-½ (27) Klimko,M (1307)-Gombocz,J (1275) Hungary 2017}) 10. Be3 d5 {Hoping for ...d4.} 11. d4 h5 12. O-O-O Ne4 {[#]} (12... Bg4 $11) 13. Nxe4 $1 $16 dxe4 14. Ng5 Bg4 15. Qc4 Bxd1 16. Rxd1 {Strongly threatening a3.} f5 17. Qf7 Nxd4 {( -> ...Ne2+)} 18. c3 Ne2+ 19. Kc2 Rxd1 (19... g6 $1 $14) 20. Kxd1 $40 {[%mdl 128] White goes for the king.} Qd6+ $2 {Black cannot hold the game after this.} (20... Nxc3+ $16 21. bxc3 Qxf7 22. Nxf7 Rg8) 21. Ke1 $18 ({Worse is} 21. Kxe2 Qd3+ 22. Ke1 Qb1+ 23. Ke2 Qd3+ 24. Ke1 Qb1+ 25. Ke2 Qd3+ $11) 21... Be7 $2 (21... Qe5 22. Kxe2 Be7) 22. Qxf5+ {[%mdl 64] [#] Double Attack. White is clearly winning.} Kb8 {White must now prevent ...Rd8.} 23. Nf7 Qa6 24. Nxh8 {White wants to mate with Bh3.} Ng1 25. Qxh5 {Weighted Error Value: White=0.04/Black=0.48} 1-0

[Event "Panchenko Memorial-A 2021"]
[Site "Chelyabinsk"]
[Date "2021.09.13"]
[Round "1.7"]
[White "Kurmangaliyeva, Liya"]
[Black "Lintchevski, Daniil"]
[Result "0-1"]
[WhiteElo "2287"]
[BlackElo "2561"]
[Annotator "TA"]
[PlyCount "87"]
[EventDate "2021.09.13"]
[EventType "swiss"]
[EventCountry "RUS"]
[SourceTitle "playchess.com"]
[Source "ChessBase"]
[SourceQuality "1"]

{[%evp 14,87,23,18,45,41,50,36,44,42,50,21,27,13,50,0,0,0,0,-7,0,0,-3,-27,-20,-23,-24,-18,-22,-29,-12,-26,-19,-19,0,0,0,0,0,-6,-5,-25,-14,-14,-15,-31,-31,-68,-70,-145,-132,-142,-149,-136,-143,-183,-169,-260,-260,-430,-430,-430,-430,-428,-419,-544,-541,-537,-529,-529,-514,-514,-493,-610,-604,-574]} 1. e4 c5 2. Nf3 Nc6 3. d4 cxd4 4. Nxd4 e5 5. Nb5 d6 6. N1c3 a6 7. Na3 Be6 8. Nc4 Rb8 {B32: Sicilian: Löwenthal and Kalashnikov Variations.} 9. g3 Nf6 10. Bg5 Nd4 {White is slightly better.} 11. Ne3 Be7 {[#]} 12. Bg2 $146 ({Predecessor:} 12. Bxf6 Bxf6 13. Ncd5 Bg5 14. c3 Nc6 15. Bg2 O-O 16. O-O Kh8 17. Qe2 Ne7 18. Rfd1 Nxd5 19. Nxd5 {½-½ (46) Grischuk,A (2747)-Gelfand,B (2734) Almaty 2016}) 12... O-O 13. O-O Kh8 14. h4 (14. Bxf6 $5 Bxf6 15. Ncd5 $16) 14... Ng8 {[#] White must now prevent ...f6.} 15. Bxe7 Nxe7 16. Ncd5 Nxd5 17. exd5 {aiming for c3.} Bd7 18. a4 a5 19. c3 Nf5 20. Nxf5 Bxf5 21. b4 Qc7 22. Qd2 b6 23. Rfc1 Bd7 24. c4 axb4 25. Qxb4 Ra8 {[%cal Bb8a8,Ba8a6,Ba6a4][%mdl 32]} 26. Rcb1 Ra6 27. Ra3 g6 28. Bf1 Kg7 29. Qb2 {next c5! is good for White.} Qc5 30. Rb3 {[%cal Rb3b6]} Rxa4 31. Rxb6 {[#]} ({White should try} 31. Rb4 $15) 31... Rfa8 $1 $17 32. Qe2 Ra3 {Strongly threatening ...Rxg3+.} 33. Kh2 Bf5 {...Bd3 is the strong threat.} 34. R1b3 Qd4 35. Rxa3 (35. Rb2 {was necessary.}) 35... Rxa3 $19 36. Qb2 ({Not} 36. Rxd6 $2 Bg4 $19) (36. Rb7 {is the only way for White.}) 36... Ra1 37. Qxd4 exd4 {[%mdl 4096] Endgame KRB-KRB} 38. Kg2 d3 39. Rb2 Rc1 {Black is clearly winning.} 40. Rd2 Be4+ 41. Kg1 Bf3 42. Rxd3 Be2 {[%cal Re2d3]} 43. Ra3 Bxf1 44. Kh2 {Weighted Error Value: White=0.23/Black=0.04} 0-1

[Event "Panchenko Memorial-A 2021"]
[Site "Chelyabinsk"]
[Date "2021.09.13"]
[Round "1.8"]
[White "Petrov, Nikita"]
[Black "Efremov, Vladislav"]
[Result "1-0"]
[WhiteElo "2555"]
[BlackElo "2279"]
[Annotator "TA"]
[PlyCount "147"]
[EventDate "2021.09.13"]
[EventType "swiss"]
[EventCountry "RUS"]
[SourceTitle "playchess.com"]
[Source "ChessBase"]
[SourceQuality "1"]

{[%evp 11,147,28,30,25,74,73,60,76,107,97,102,64,70,90,83,35,35,66,111,62,73,56,61,57,48,21,34,10,9,9,3,4,4,0,33,41,41,35,43,36,44,37,41,42,40,37,54,41,50,46,55,55,55,46,50,55,93,55,55,0,93,55,55,55,55,55,54,50,62,62,62,62,55,48,43,43,42,41,66,65,91,91,137,126,169,91,91,0,169,148,168,113,158,145,171,133,154,62,118,114,115,87,136,121,161,167,167,106,118,55,138,0,181,181,157,112,138,145,221,246,335,335,300,221,421,418,488,379,738,690,1162,1162,4682,3107,29988,29989,29989,4874]} 1. e4 c5 2. Nf3 Nc6 3. Bb5 Nf6 4. Nc3 Qc7 5. O-O Nd4 6. Re1 a6 7. Bf1 {B30: Sicilian: 2...Nc6 3 Bb5, lines without ...g6.} e6 8. e5 Ng8 9. Ne4 {White is slightly better.} Nxf3+ 10. Qxf3 Qxe5 11. d4 $1 {[%cal Rd4e5] [#]} cxd4 $146 ({Predecessor:} 11... Qxd4 12. c3 Qa4 13. Bf4 d5 14. Nd6+ Bxd6 15. Bxd6 Qc6 16. Qg3 Nh6 17. Bd3 c4 {½-½ (25) Johnson,B (1798)-Nett,P (1929) IECC email 2007}) 12. Bf4 Qa5 13. Nd6+ Bxd6 14. Bxd6 Ne7 15. Bd3 {[%mdl 1024] White has strong compensation.} Qg5 16. a4 f5 17. a5 O-O 18. Qg3 Qf6 19. Be5 Qf7 20. Bxd4 d5 21. Bc5 Re8 22. c4 dxc4 23. Bxc4 Bd7 24. Qc7 Nd5 25. Qxb7 Reb8 26. Bxd5 exd5 27. Qc7 {Hoping for Re7.} Re8 28. Bd4 Bb5 29. Qc3 Rac8 30. Qd2 Rxe1+ 31. Rxe1 Re8 32. Be5 h6 33. h3 Rc8 34. Bc3 Re8 35. Be5 Rc8 $1 36. Qf4 Rc4 37. Bd4 Qa7 38. Rd1 Qf7 39. Qe5 Rc8 40. Bc3 Rd8 41. Qd4 Kh7 42. Qb6 Qd7 43. Be5 Re8 44. Qd4 Qe7 45. Re1 Bc4 46. Re3 {aiming for Bxg7.} Qf7 47. Rg3 {[%cal Rg3g7]} Rg8 48. Rc3 (48. f4 $18) 48... Re8 $16 49. Rg3 (49. b3 $16 Bb5 50. Rc7) 49... Rg8 $1 $18 50. Kh2 Bb5 51. Qb6 (51. f4 $1 $18) 51... Qe8 52. Qd6 Qf7 53. Bd4 Bc4 54. Qe5 (54. f4 $16) 54... Qf6 (54... f4 $14 55. Rf3 g5) 55. Qf4 $16 Qf7 56. Qd6 Bb5 57. b3 Bf1 58. Kg1 Bb5 59. Qe5 (59. Rc3 $18) 59... Bd7 60. Qc7 ({White should play} 60. f4 $16) 60... Be8 ({Better is} 60... f4 $1 $14 61. Rf3 g5) 61. Qd6 Bb5 62. Rc3 Qd7 63. Qg3 {Threatens to win with Rc7.} Bc6 64. b4 {[%cal Bb3b4,Bb4b5][%mdl 32]} Rc8 (64... Qe6 $16 65. f3 Bb5) 65. b5 $1 $18 axb5 66. a6 {Strongly threatening a7.} b4 67. Rb3 Qe7 $2 {[#]} (67... Ra8) 68. Rxb4 $1 {[%mdl 512]} f4 (68... Qg5 69. Qxg5) 69. Qd3+ Kg8 $2 (69... Qe4 70. Qd1 Re8) 70. Rb6 Be8 {...Rc1+ is the strong threat.} 71. Rb7 Rc7 72. Qb1 Bc6 73. Rb8+ Be8 74. a7 {Weighted Error Value: White=0.17/Black=0.12} (74. Qg6 $142 Qe1+ 75. Kh2 Kf8 76. a7 Qe4 77. Qd6+ Re7 {[#]} 78. a8=Q $1 Kg8 79. Rxe8+ $1 {[%mdl 576] Deflection} Rxe8 80. Qd7 $1 {[%mdl 576] Double Attack}) 1-0

[Event "Panchenko Memorial-A 2021"]
[Site "Chelyabinsk"]
[Date "2021.09.13"]
[Round "1.9"]
[White "Sadubayev, Airat"]
[Black "Sivuk, Vitaly"]
[Result "0-1"]
[WhiteElo "2274"]
[BlackElo "2552"]
[Annotator "TA"]
[PlyCount "102"]
[EventDate "2021.09.13"]
[EventType "swiss"]
[EventCountry "RUS"]
[SourceTitle "playchess.com"]
[Source "ChessBase"]
[SourceQuality "1"]

{[%evp 20,102,23,29,41,37,40,23,22,18,32,32,28,35,35,31,31,33,26,31,29,0,0,-5,8,-25,-27,-36,-36,-64,-72,-70,-59,-55,-48,-79,-83,-97,-15,-99,-96,-118,-104,-92,-99,-87,-102,-99,-101,-107,-107,-138,-137,-136,-136,-136,-136,-136,-139,-152,-145,-215,-207,-396,-389,-433,-385,-609,-609,-560,-417,-1050,-422,-5081,-5081,-5081,-5077,-714,-776,-29982,-29983,-29986,-29986,-29989,-29985]} 1. e4 e5 2. Nf3 Nc6 3. Bb5 a6 4. Ba4 Nf6 5. O-O Be7 6. Re1 b5 7. Bb3 d6 8. c3 O-O 9. h3 Bb7 {9...Bb7 is a critical line.} 10. d4 Nd7 11. Nbd2 exd4 {C92: Closed Ruy Lopez: 9...Be6, Karpov and Flohr-Zaitsev Variations.} 12. cxd4 Bf6 13. Nf1 Re8 {White has an edge.} 14. Ng3 Na5 15. Bc2 g6 16. Rb1 c5 17. d5 Nc4 18. b3 Nce5 19. Nh2 {Hoping for f4.} Nb6 20. f4 Ned7 21. Nf3 {[#]} b4 $146 ({Predecessor:} 21... Rc8 22. a4 b4 23. a5 Na8 24. e5 dxe5 25. Ne4 exf4 26. Bxf4 Nc7 27. Nxf6+ Qxf6 28. Bxc7 Rxe1+ 29. Qxe1 Rxc7 {½-½ (47) Ciuksyte,D (2356)-Bulmaga,I (2391) Reykjavik 2015}) 22. Be3 a5 23. Bd3 a4 24. Bf2 Bc3 {...axb3 is the strong threat.} 25. Re2 axb3 26. axb3 Ra5 27. Nf1 Qa8 28. Ne3 {[#]} Ra2 ({Black should play} 28... Ba6 $1 $17) 29. Nd2 (29. f5 $11) 29... Nf6 $17 30. Nec4 Nxc4 31. Nxc4 {Threatens to win with Rxa2.} Rxe2 32. Qxe2 Bxd5 {[%cal Rf6e4]} 33. Nxd6 {[#]} Re6 {[%cal Rf6e4]} 34. Bxc5 {[#]} Qc6 $1 35. Qe3 (35. Qf2 Rxd6) 35... Nxe4 36. Nxe4 Bxe4 37. Bxe4 Rxe4 38. Qf2 Qd5 39. Bb6 Qd6 40. Rf1 (40. Bc5 $17 {was necessary.} Qd3 41. Qf1 Bd4+ 42. Bxd4 Qxd4+ 43. Kh1) 40... Qe6 $19 41. f5 $2 (41. Rd1 h6 42. f5 Qxb3 43. Qf3) 41... Qxb3 42. Kh1 Qd5 43. fxg6 (43. Qf3 $142) 43... hxg6 44. Qf3 Re5 45. Qg4 (45. Qxd5 $142 Rxd5 46. Rb1) 45... Qe6 (45... Qb5 $142 46. Qf4 Rf5 47. Qb8+ Kg7) 46. Qf3 (46. Qxe6 $142 Rxe6 47. Bc5) 46... Re1 47. Ba5 Rxf1+ 48. Qxf1 Qd5 49. Bb6 b3 {[%cal Bb4b3,Bb3b2][%mdl 32] Black mates.} 50. Qb1 b2 51. Be3 Qa5 {Weighted Error Value: White=0.65/Black=0.19} 0-1